Loading...
| Science - Chemistry | 0 | 8 | 1 | 1 | 75 | 46 | 75.25 | 3 | 8 | 18.66 | 54.55 |
| Fine Arts - Painting and Sculpture | 0 | 4 | 0 | 0 | 40 | 36 | 54.75 | 3 | 4 | 20.12 | 34.09 |
| Literature - American | 0 | 4 | 0 | 0 | 40 | 44 | 72.50 | 1 | 4 | 14.69 | 29.55 |
| Science - Biology | 0 | 5 | 2 | 1 | 40 | 56 | 77.80 | 1 | 5 | 11.76 | 25.00 |
| Science - Physics | 0 | 4 | 1 | 1 | 35 | 19 | 53.00 | 1 | 3 | 18.60 | 20.45 |
| Literature - European | 0 | 4 | 1 | 1 | 35 | 56 | 82.50 | 2 | 4 | 10.53 | 27.27 |
| Literature - World | 0 | 3 | 0 | 2 | 30 | 101 | 107.67 | 2 | 3 | 3.04 | 20.45 |
| Fine Arts - Classical Music | 0 | 2 | 0 | 0 | 20 | 51 | 67.50 | 1 | 2 | 8.14 | 13.64 |
| Science - Other | 0 | 2 | 0 | 1 | 20 | 74 | 92.50 | 0 | 2 | 4.11 | 6.82 |
| Social Science | 0 | 1 | 0 | 0 | 10 | 61 | 61.00 | 0 | 1 | 5.75 | 9.38 |
| History - Other | 0 | 1 | 0 | 1 | 10 | 101 | 101.00 | 0 | 1 | 0.00 | 2.27 |
| History - World | 0 | 1 | 0 | 1 | 10 | 109 | 109.00 | 0 | 0 | 0.00 | 2.27 |
| Philosophy | 0 | 1 | 0 | 0 | 10 | 34 | 34.00 | 1 | 1 | 7.37 | 11.11 |
| Popular Culture | 0 | 1 | 0 | 0 | 10 | 61 | 61.00 | 0 | 1 | 7.75 | 8.33 |
| Religion | 0 | 1 | 0 | 0 | 10 | 49 | 49.00 | 1 | 1 | 5.15 | 9.09 |
| Literature - British | 0 | 0 | 0 | 0 | 0 | 0.00 | 0 | 0 | 0.00 | 0.00 | |
| Fine Arts - Other | 0 | 1 | 2 | 0 | 0 | 94 | 94.00 | 1 | 1 | 1.32 | 9.09 |
| Mythology | 0 | 0 | 1 | 0 | -5 | 0.00 | 0 | 0 | 0.00 | 0.00 |